[Event "Ruhrgebiet VK1 0708"]
[Site "Germany"]
[Date "2008.02.17"]
[Round "6.4"]
[White "Schmitz, Heinrich Karl"]
[Black "Schlaap, Ralf"]
[Result "0-1"]
[WhiteElo "2063"]
[BlackElo "2229"]
[PlyCount "104"]
[EventDate "2007.09.16"]
[EventType "team"]
[EventRounds "9"]
[EventCountry "GER"]
[SourceTitle "EXT 2009"]
[Source "ChessBase"]
[SourceDate "2008.11.26"]
[SourceVersion "1"]
[SourceVersionDate "2008.11.26"]
[SourceQuality "1"]
[WhiteTeam "Welper SV II"]
[BlackTeam "Hamm"]
[WhiteTeamCountry "GER"]
[BlackTeamCountry "GER"]

1. d4 Nf6 2. c4 e6 3. Nc3 Bb4 4. f3 c5 5. d5 0-0 6. e4 exd5 7. cxd5 d6 8. Bd3 Re8 9. Nge2 Nbd7 10. 0-0 a6 11. a4 Ne5 12. Bc2 Bd7 13. f4 Ng6 14. Qd3 Rc8 15. Qg3 Bg4 16. Qf2 Bxe2 17. Qxe2 Bxc3 18. bxc3 Nxe4 19. f5 Nf6 20. Qf2 Ne5 21. Bg5 h6 22. Bh4 Ned7 23. c4 Qa5 24. Qf4 Qc3 25. Rac1 Re2 26. Bd1 Qe3+ 27. Qxe3 Rxe3 28. Rb1 b6 29. Rb3 Rxb3 30. Bxb3 Re8 31. Re1 Rxe1+ 32. Bxe1 Ne5 33. a5 bxa5 34. Bxa5 Kf8 35. h3 Ne4 36. Be1 Ke7 37. Bh4+ Kd7 38. Be1 Kc7 39. Ba5+ Kd7 40. g4 Kc8 41. Kf1 Kd7 42. Kg2 Ng5 43. Kg3 Ngf3 44. h4 Nd4 45. Ba2 Nc2 46. h5 f6 47. Bc3 Nb4 48. Bb3 Kc7 49. Bd2 a5 50. Kh3 a4 51. Bxa4 Nxc4 52. Bc3 Nxd5 0-1

[Event "Ruhrgebiet VL2 0405"]
[Site "Ruhrgebiet"]
[Date "2005.01.09"]
[Round "5.3"]
[White "Pusch, Hermann"]
[Black "Schlaap, Ralf"]
[Result "1/2-1/2"]
[WhiteElo "1987"]
[BlackElo "2099"]
[PlyCount "124"]
[EventDate "2004.09.12"]
[EventType "team"]
[EventRounds "9"]
[EventCountry "GER"]
[SourceTitle "EXT 2006"]
[Source "ChessBase"]
[SourceDate "2005.11.24"]
[SourceVersion "1"]
[SourceVersionDate "2005.11.24"]
[SourceQuality "1"]
[WhiteTeam "Bochum Post"]
[BlackTeam "Hamm 1911"]
[WhiteTeamCountry "GER"]
[BlackTeamCountry "GER"]

1. e4 c5 2. d4 cxd4 3. Nf3 d6 4. c3 Nf6 5. Qc2 dxc3 6. Nxc3 Nc6 7. Bc4 e6 8. 0-0 Bd7 9. Rd1 Rc8 10. Bg5 a6 11. a4 Be7 12. Qd2 Ne5 13. Be2 Bc6 14. Bxf6 Bxf6 15. Nd4 0-0 16. b4 Bd7 17. Rac1 Qb6 18. b5 Nc4 19. Bxc4 Rxc4 20. Nde2 Be7 21. a5 Qc7 22. b6 Qc5 23. Nb1 Rc8 24. Rxc4 Qxc4 25. Nbc3 h6 26. Kf1 Qb4 27. Nd5 Qxd2 28. Nxe7+ Kf8 29. Ng6+ fxg6 30. Rxd2 Ke7 31. Ra2 Rc4 32. f3 Bb5 33. Kf2 d5 34. exd5 exd5 35. Ke3 Kd6 36. Rd2 Ke5 37. f4+ Kd6 38. Nd4 Rc3+ 39. Kf2 Bd7 40. Nf3 Bf5 41. h3 Be4 42. Ne5 g5 43. g3 gxf4 44. gxf4 Rxh3 45. Rd1 g5 46. Rc1 Rh2+ 47. Ke3 Rc2 48. Rxc2 Bxc2 49. Nf7+ Ke7 50. Nxh6 gxf4+ 51. Kxf4 Ke6 52. Ke3 Bf5 53. Kf4 Bg6 54. Ng4 d4 55. Ne5 Bc2 56. Nc6 d3 57. Ke3 Kd7 58. Nb4 Kd6 59. Kd2 Bb1 60. Kc1 d2+ 61. Kxd2 Be4 62. Ke3 Bh1 1/2-1/2

[Event "Ruhrgebiet VL2 0405"]
[Site "Ruhrgebiet"]
[Date "2004.11.28"]
[Round "4.3"]
[White "Schlaap, Ralf"]
[Black "Wilbert, Siegfried"]
[Result "1-0"]
[WhiteElo "2099"]
[BlackElo "2125"]
[PlyCount "91"]
[EventDate "2004.09.12"]
[EventType "team"]
[EventRounds "9"]
[EventCountry "GER"]
[SourceTitle "EXT 2006"]
[Source "ChessBase"]
[SourceDate "2005.11.24"]
[SourceVersion "1"]
[SourceVersionDate "2005.11.24"]
[SourceQuality "1"]
[WhiteTeam "Hamm 1911"]
[BlackTeam "Buer"]
[WhiteTeamCountry "GER"]
[BlackTeamCountry "GER"]

1. d4 Nf6 2. c4 e6 3. Nf3 b6 4. g3 Ba6 5. b3 Bb7 6. Bg2 Bb4+ 7. Bd2 a5 8. 0-0 0-0 9. Nc3 c5 10. d5 Bxc3 11. Bxc3 exd5 12. Nh4 Ne4 13. Bxe4 dxe4 14. Nf5 f6 15. Qd6 Rf7 16. Rad1 Bc6 17. Rd2 Na6 18. Rfd1 Qf8 19. Qf4 Kh8 20. h4 Nb4 21. h5 Kg8 22. g4 Qb8 23. Nd6 h6 24. Qf5 Re7 25. Qg6 e3 26. fxe3 Qf8 27. Rf1 Re6 28. Nf5 Kh8 29. Nxh6 d5 30. Bxb4 Be8 31. Qf5 Qe7 32. cxd5 Rxe3 33. d6 Rg3+ 34. Kf2 Qe3+ 35. Ke1 Qxh6 36. Ba3 Bb5 37. d7 Rd8 38. Rf4 Re3 39. Re4 Rxe4 40. Qxe4 Qg5 41. Qe7 Qh4+ 42. Kd1 Qh1+ 43. Kc2 Qa8 44. h6 gxh6 45. Bb2 Rxd7 46. Rxd7 1-0

[Event "Ruhrgebiet VL2 0405"]
[Site "Ruhrgebiet"]
[Date "2004.10.10"]
[Round "2.4"]
[White "Roitburd, Talic"]
[Black "Schlaap, Ralf"]
[Result "1-0"]
[WhiteElo "2132"]
[BlackElo "2099"]
[PlyCount "74"]
[EventDate "2004.09.12"]
[EventType "team"]
[EventRounds "9"]
[EventCountry "GER"]
[SourceTitle "EXT 2006"]
[Source "ChessBase"]
[SourceDate "2005.11.24"]
[SourceVersion "1"]
[SourceVersionDate "2005.11.24"]
[SourceQuality "1"]
[WhiteTeam "Muelheim Nord III"]
[BlackTeam "Hamm 1911"]
[WhiteTeamCountry "GER"]
[BlackTeamCountry "GER"]

1. e4 c5 2. Nf3 d6 3. Bb5+ Bd7 4. Bxd7+ Qxd7 5. d4 cxd4 6. Nxd4 Nf6 7. f3 e6 8. c4 Be7 9. Nc3 0-0 10. 0-0 Nc6 11. b3 Rac8 12. Be3 Ne5 13. Nde2 a6 14. a4 Qc7 15. Kh1 b6 16. Ra2 Rfd8 17. Rd2 Nc6 18. g4 Nb4 19. g5 Nd7 20. Nf4 Nc5 21. Rg1 Qb7 22. Nh5 Nc6 23. Rg3 Nd7 24. h4 Kh8 25. Qa1 Rg8 26. Re2 Rce8 27. Nf4 Nc5 28. Qb2 Na5 29. h5 Ncxb3 30. g6 Bf6 31. gxf7 g5 32. fxg8Q+ Kxg8 33. Nh3 Nxc4 34. Qxb3 Nxe3 35. Rg1 h6 36. f4 Nd5 37. Nxd5 exd5 1-0

[Event "Ruhrgebiet VL2 0405"]
[Site "Ruhrgebiet"]
[Date "2004.09.12"]
[Round "1.3"]
[White "Rueberg, Jobst"]
[Black "Schlaap, Ralf"]
[Result "1/2-1/2"]
[WhiteElo "2087"]
[BlackElo "2099"]
[PlyCount "74"]
[EventDate "2004.09.12"]
[EventType "team"]
[EventRounds "9"]
[EventCountry "GER"]
[SourceTitle "EXT 2006"]
[Source "ChessBase"]
[SourceDate "2005.11.24"]
[SourceVersion "1"]
[SourceVersionDate "2005.11.24"]
[SourceQuality "1"]
[WhiteTeam "Ahlen"]
[BlackTeam "Hamm 1911"]
[WhiteTeamCountry "GER"]
[BlackTeamCountry "GER"]

1. e4 c5 2. Nc3 d6 3. g3 Nc6 4. Bg2 g6 5. d3 Bg7 6. Be3 e6 7. f4 Nge7 8. Nf3 Nd4 9. 0-0 0-0 10. e5 dxe5 11. fxe5 Nec6 12. Ne4 Nxe5 13. Nxe5 Bxe5 14. c3 Nc6 15. Bxc5 Ne7 16. d4 Bg7 17. Qe2 a5 18. Nd6 Qd7 19. Qb5 Qc7 20. Nxc8 Raxc8 21. Qxb7 Nc6 22. Qxc7 Rxc7 23. a4 Rfc8 24. Rab1 Rd7 25. Bxc6 Rxc6 26. b4 e5 27. bxa5 f5 28. Rb6 Rcc7 29. a6 exd4 30. cxd4 Bxd4+ 31. Bxd4 Rxd4 32. Rb8+ Kf7 33. Rfb1 Ke6 34. R8b4 Rd2 35. R4b2 Rxb2 36. Rxb2 Ra7 37. Rb7 Rxa6 1/2-1/2

[Event "Ruhrgebiet VK2 0304"]
[Site "Ruhrgebiet"]
[Date "2004.02.08"]
[Round "6.3"]
[White "Poetter, Clemens"]
[Black "Schlaap, Ralf"]
[Result "1-0"]
[WhiteElo "2004"]
[BlackElo "2111"]
[PlyCount "23"]
[EventDate "2003.09.28"]
[EventType "team"]
[EventRounds "9"]
[EventCountry "GER"]
[SourceTitle "EXT 2007"]
[Source "ChessBase"]
[SourceDate "2006.11.23"]
[SourceVersion "1"]
[SourceVersionDate "2006.11.23"]
[SourceQuality "1"]
[WhiteTeam "Essen Borbeck II"]
[BlackTeam "Hamm 1911"]
[WhiteTeamCountry "GER"]
[BlackTeamCountry "GER"]

1. d4 Nf6 2. Nf3 e6 3. c4 Bb4+ 4. Bd2 c5 5. Nc3 cxd4 6. Nxd4 0-0 7. a3 Be7 8. e4 d5 9. cxd5 exd5 10. exd5 Qb6 11. Bg5 Qxb2 12. Na4 1-0

[Event "Ruhrgebiet VK2 0304"]
[Site "Ruhrgebiet"]
[Date "2004.01.04"]
[Round "5.3"]
[White "Schlaap, Ralf"]
[Black "Remmler, Volker"]
[Result "1/2-1/2"]
[WhiteElo "2111"]
[BlackElo "2037"]
[PlyCount "82"]
[EventDate "2003.09.28"]
[EventType "team"]
[EventRounds "9"]
[EventCountry "GER"]
[SourceTitle "EXT 2007"]
[Source "ChessBase"]
[SourceDate "2006.11.23"]
[SourceVersion "1"]
[SourceVersionDate "2006.11.23"]
[SourceQuality "1"]
[WhiteTeam "Hamm 1911"]
[BlackTeam "Dortmund Hansa III"]
[WhiteTeamCountry "GER"]
[BlackTeamCountry "GER"]

1. d4 g6 2. c4 Bg7 3. Nf3 d6 4. Nc3 Nf6 5. e4 0-0 6. Be2 e5 7. 0-0 Nc6 8. d5 Ne7 9. Ne1 Nd7 10. Nd3 f5 11. f3 Nf6 12. Bd2 f4 13. c5 g5 14. cxd6 cxd6 15. Rc1 Ng6 16. Nb5 Rf7 17. Qc2 Ne8 18. a4 h5 19. Nf2 a6 20. Na3 b6 21. Nc4 Rb8 22. a5 b5 23. Nb6 Rc7 24. Qb3 Rbb7 25. h3 Bf6 26. Nd3 Rxc1 27. Rxc1 Rc7 28. Rxc7 Qxc7 29. Nxc8 Qxc8 30. Qc3 Qa8 31. Be1 Bd8 32. Bd1 Qb7 33. Bb3 Kf8 34. Kf1 Bc7 35. Bd1 h4 36. Be2 Ne7 37. Qc2 Kg7 38. Bb4 Kf8 39. Qc3 Qb8 40. Bd1 Qd8 41. Bb3 Qb8 1/2-1/2